Normal view MARC view

Entry AUTORIDADES PERSONAS

Number of records used in: 1

001 - NÚMERO DE CONTROL

  • campo de control: 507

003 - CONTROL

  • campo de control: AR-BaSMT

005 - FECHA Y HORA DE LA ÚLTIMA TRANSACCIÓN

  • campo de control: 20260512114419.0

008 - ELEMENTOS LONGITUD FÍSICA

  • campo de control de longitud fija: 260512nn annnnaabn a aaa d

024 7# - OTROS INDICADORES NORMALIZADOS

  • Fuente: Viaf
  • Número estándar o código: http://viaf.org/viaf/10161614

024 7# - OTROS INDICADORES NORMALIZADOS

  • Fuente: Loc
  • Número estándar o código: https://lccn.loc.gov/n2013034451

040 ## - FUENTE DE CATALOGACIÓN

  • Agencia que cataloga: AR-BaSMT
  • Idioma de catalogación: spa
  • Norma: RDA

100 1# - ENCABEZAMIENTO-NOMBRE DE PERSONA

  • Nombre de persona: Rivelaygue, Laurent
  • Numeración: 1970 -
  • Títulos y otros términos asociados al nombre: Autor

370 ## - LUGAR ASOCIADO

  • País de nacimiento : Francia

372 ## - CAMPO DE ACTIVIDAD

  • Fuente (LEMB) : Lemb
  • Campo en el que la persona se ha dedicado : Literatura

374 ## - OCUPACIÓN

  • Fuente Ej: LEMB : Lemb
  • Ocupación: Escritores

375 ## - GÉNERO/SEXO

  • Masculino, femenino, desconocido, intersexo, … : Masculino

377 #7 - IDIOMA ASOCIADO

  • Código (spa) : fre
  • Lengua (español) : frances

400 0# - TRAZADO DE VÉASE--NOMBRE DE PERSONA

  • Nombre de persona: Laurent Rivelaygue
  • Fecha asociada al nombre : 1970 -

670 ## - FUENTE DE DATOS ENCONTRADOS

  • Cita de la fuente: Los quienqué, 2026
  • Donde se localiza la información: port. (Laurent Rivelaygue)

Powered by Koha